| 000 | 01021nam a2200265 i 4500 | ||
|---|---|---|---|
| 001 | bg | ||
| 245 | 0 | 0 |
_aNowoczesne formy wtryskowe : _bproblemy konstrukcji i użytkowania / _c[dobór i oprac. Henryk Zawistowski]. |
| 260 |
_aWarszawa : _b"Plastech", _c2001. |
||
| 300 |
_a326 s. : _bil. ; _c21 cm. |
||
| 490 | 1 | _aPrzetwórstwo Tworzyw Sztucznych. Nowości Techniki | |
| 500 | _aU góry okł.: PLASTECH 2001. - Materiały z corocznego sympozjum technicznego. | ||
| 504 | _aBibliogr. przy pracach. | ||
| 650 | 9 | _aFormy wtryskowe | |
| 655 | _aMateriały konferencyjne | ||
| 700 | 1 |
_aZAWISTOWSKI, Henryk. _eOprac. |
|
| 830 | 0 |
_aPrzetwórstwo Tworzyw Sztucznych. _pNowości Techniki |
|
| 020 | _a8391443418 | ||
| 040 | _cBPK | ||
| 041 | 0 | _apol | |
| 080 | _a678.02(061) | ||
| 920 | _a83-914434-1-8 | ||
| 942 | _cKS | ||
| 008 | s pl f |000 0 pol | ||
| 999 |
_c43723 _d43723 |
||
| 856 |
_uhttp://koha.tu.koszalin.pl/cgi-bin/koha/opac-detail.pl?biblionumber=43723 _yKatalog online BPK |
||